Serie A Teams 2025/26 - Statistics

General Stats
  • This quiz has been taken 45 times
  • The average score is 17 of 20
Answer Stats
Answer % Correct
Juventus FC
100%
AC Milan
97%
Inter Milan
97%
SSC Napoli
97%
AS Roma
92%
Atalanta BC
92%
Torino FC
92%
ACF Fiorentina
90%
SS Lazio
90%
Bologna FC
87%
Cagliari Calcio
87%
Como 1907
85%
Parma Calcio
85%
Udinese Calcio
85%
US Sassuolo
82%
Pisa SC
77%
Hellas Verona
74%
Genoa CFC
72%
US Cremonese
69%
US Lecce
69%
No matching quizzes found
Score Distribution
Percent of People with Each Score
Percentile by Number Answered
Your Score History
You have not taken this quiz